000 00952cad a22001935a 4500
001 L155427
008 120321s2012 xxk f 000 0 eng d
035 _a(Sirsi) u155427
041 0 _aeng
110 2 _aChartered Institute of Building
_92134
245 0 2 _aA report exploring continuing professional development in construction
_h[electronic resource]
260 _aAscot
_bCIOB
_c2012
520 _aKey findings indicate that 89% of construction professionals view CPD as important, very important or essential to their employment and the perceived key benefits of CPD include improved knowledge (66%), greater personal effectiveness (54%), and better job performance (46%).
590 _aKA NTK
651 4 _aInternational
690 _aConstruction management
_96230
856 4 0 _uhttps://www.ciob.org.uk/sites/ciob.org.uk/files/CIOB%20CPD%20in%20Construction_0.pdf
_zView the report free of charge (PDF file) at www.ciob.org.uk
942 _n0
999 _c113566
_d113566